| 000 | 005380000a22001810004500 | ||
|---|---|---|---|
| 090 |
_aAR _b02613 |
||
| 245 | 1 | 0 | _aDistribution of the porcupine, Erethizon dorsatum, in Mexico |
| 650 | 1 | 4 |
_aMamíferos _992510 |
| 650 | 1 | 4 |
_aDistribución geográfica _992997 |
| 650 | 1 | 4 |
_aMorfología animal _99953 |
| 651 | 4 |
_pMéxico _992749 |
|
| 653 |
_gErethizon _eErethizon dorsatum |
||
| 041 | 0 | _aInglés | |
| 700 | 1 |
_aGenoways, Hugh H. _993478 |
|
| 100 | 1 |
_aJones, J. Knox _99498 |
|
| 942 | _cARTICULO | ||
| 773 | 1 |
_tMammalia _3204 _h4 _q709-711 _d1968 _g32 |
|
| 999 |
_c11676 _d11676 |
||